000
00325 a2200145 4500
001
149795
040
_c
Escola São Tomás de Aquino
100
_a
MACHADO, Ana Maria
240
1
0
_a
Melusida
_l
por
245
1
0
_a
Melusida
362
0
_a
2000
440
1
_a
Ática
697
_a
Folclore / Adivinhações / Lendas
942
_c
BK
999
_c
149795
_d
149795